000 00659nam a2200241 i 4500
003 DO-SdBNP
005 20240708150904.0
007 ta
008 240708b1998 sp ||||| |||| 00| 0 spa d
020 _a8489715599
040 _aDO-SdBNP
_bspa
_cBNPHU
_erda
082 4 _222
100 _aBoccaccio, Giovanni,
_d1313-1375
_939143
245 1 3 _aEl decamerón /
_cGiovanni Boccaccio
264 _aMadrid :
_bAlba,
_c1998.
300 _a381 páginas ;
_c22 cm.
336 _2rdacontent
_atexto
_btxt
337 _2rdamedia
_asin mediación
_bn
338 _2rdacarrier
_avolumen
_bnc
590 _aInventariado, 2024/BT
910 _abtavárez
942 _2ddc
_cLBS1
999 _c57215
_d57215